Mixed Word: Disney Characters III Quiz Stats

 Plays Quiz Updated Mar 20, 2016

Challenge
Share
Tweet
Embed
Score 0/16 Timer 04:00
1 Play Today
Mixed Word Disney Character % Correct
PTREE NAPPeter Pan
97.3%
LONDAD KCUDDonald Duck
96.5%
YEMICK SUMOEMickey Mouse
94.8%
PHAPYHappy
93.6%
CULKYLucky
92.4%
BORIN DOHORobin Hood
92.1%
BIBAMBambi
88.8%
DAM THERATMad Hatter
88.7%
Mixed Word Disney Character % Correct
BASIMSimba
86.6%
TENRIK LBLETinker Bell
86.6%
BLOTBolt
86.6%
EWHIT BARTIBWhite Rabbit
85.3%
BOOLABaloo
72.1%
LIAREAriel
70.9%
NAILDADAladdin
63.9%
ZOCKUKuzco
44.6%

You're not logged in!

Compare scores with friends on all Sporcle quizzes.
Join for Free
OR
Log In

You Might Also Like...

Show Comments

Extras

Top Quizzes Today


Score Distribution

Your Account Isn't Verified!

In order to create a playlist on Sporcle, you need to verify the email address you used during registration. Go to your Sporcle Settings to finish the process.

Report this User

Report this user for behavior that violates our Community Guidelines.

Details: